• 首页
  • 本馆介绍
  • 公告通知
  • 最新文献
  • 馆藏检索
  • 电子资源
  • 读者导购
  • 参考咨询
  • 我的图书馆
  • 登录
  • 详细信息显示
  • 放入我的书架
  • 预约/预借图书
  • 作者相关作品
  • 分类相关作品
  • 丛书相关作品
  • 出版社相关作品

书目信息

  • 表格格式
  • 工作单格式
  • 卡片格式
题名:
梁书
    
 
作者: 姚思廉 撰
分册: 第二册   传
出版信息: 北京   中华书局  1973.5
页数: 277-580页
开本: 20cm
丛书名:
单 册:
中图分类: K239.1
科图分类:
主题词: 中国--古代史--封建社会
电子资源:
ISBN:
000 00584nam0 2200217 45
001 0312221749
005 20040430085306.2
010    @dCNY2.70
091    @a11018.622
100    @a20031222d1973 km y0chiy0120 ea
101    @achi
105    @a z 000yy
200 1  @a梁书@ALiang Shu@h第二册@h卷一七至卷四○@i传@f(唐)姚思廉撰@F(Tang)Yao Si Lian Zhuan
210    @a北京@c中华书局@d1973.5
215    @a277-580页@d20cm
517    @a传@AChuan
606 0  @a中国@x古代史@x封建社会
690    @aK239.1@v3
701 0  @a姚思廉@4撰
801    @aCN@bTSTCL@c20031222
905    @dK239.1@e10:2
    
    梁书.第二册.卷一七至卷四○.传/(唐)姚思廉撰.-北京:中华书局,1973.5
    277-580页;20cm
    
    
    ISBN :CNY2.70
    
●
相关链接 在E读中查询图书 在五车中查询图书 在当当中查询图书 在豆瓣中查询图书


正题名:梁书     索取号:K239.1/10:2         预约/预借

序号 登录号 条形码 馆藏地/架位号 状态 备注
1 0054260   001282828   第二借阅区/ [索取号:K239.1/10:2] 在馆    
2 0054261   001282800   第二借阅区/ [索取号:K239.1/10:2] 在馆    
3 0099440   001713890   密集书库/ [索取号:K239.1/10:2] 在馆    
4 0099441   001285488   第二样本阅览室/ [索取号:K239.1/10:2] 在馆    
5 0103307   001282819   第二借阅区/ [索取号:K239.1/10:2] 在馆    
6 0103308   001282944   第二借阅区/ [索取号:K239.1/10:2] 在馆    
7 0159590   001282891   第二借阅区/ [索取号:K239.1/10:2] 在馆    
8 0159591   001282882   第二借阅区/ [索取号:K239.1/10:2] 在馆    
唐山师范学院图书馆 欢迎您!
大连网信软件有限公司© 版权所有